| 000 | 00542nam a2200157Ia 4500 | ||
|---|---|---|---|
| 008 | 140609s9999 xx 000 0 und d | ||
| 020 | _a9781859646762 | ||
| 050 |
_aPE 1301 _b.P558 2011 |
||
| 100 | _aPhillips, Terry. | ||
| 245 |
_aProgressive skills in english : _bcourse book / _cTerry Phillips, Anna Phillips, |
||
| 260 |
_aUnited Kingdom : _bGarnet Publishing, _cc2011. |
||
| 300 |
_a213 p. : _bcol. Ill. ; _c28 cm. _e+ 1 DVD-ROM (4 3/4 in) and 2 sounds discs (digital ; 4 3/4 in). |
||
| 521 | _aGE | ||
| 942 |
_kFOR _cBK |
||
| 999 |
_c118138 _d118138 |
||